| 000 | 00827nam a2200205 a 4500 | ||
|---|---|---|---|
| 001 | 22945 | ||
| 003 | CO-ViMGA | ||
| 008 | 141112s2004 ck r 000 u spa d | ||
| 020 | _a84 97323777 | ||
| 040 |
_aCO-ViMGA _bspa _cCO-ViMGA |
||
| 082 | 0 | 4 | _a658.8 T 737i |
| 100 | 1 |
_aTrespalacios Gutièrrez, Juan _932972 |
|
| 245 | 1 | 0 |
_aInvestigaciòn de mercados : _bMètodos de recogida y anàlisis de la informaciòn para la toma de decisiones en marketing |
| 260 |
_aEspaña : _bThomson |
||
| 300 | _a353p. | ||
| 505 | _aEl conocimiento y la informacion en las decisiones de marketing, Investigación de mercadeos, Metodos cualitativos de Investigación de mercados, Otros metodos de Investigación, Metodos cuantitativos, Analisis causal | ||
| 650 | 1 | 4 | _aMARKETING |
| 650 | 1 | 4 |
_aMERCADO - Investigación _932973 |
| 942 |
_2ddc _cBK |
||
| 999 |
_c31233 _d31233 |
||